000 00716nam a2200289Ia 4500
005 20260324120741.0
008 008 260324s9999 xx 000 0 eng d
020 _a9781315571744
037 _aEBOOK
040 _aCRL
040 _beng
040 _cCRL
041 _2eng
041 _aeng
084 _qCRL
100 _aTimothy R. Heath
_91159821
245 0 _aChina's New Governing Party Paradigm
245 0 _bPolitical Renewal and the Pursuit of National Rejuvenation
260 _bTaylor and Francis
260 _c2014
365 _a
365 _b230
856 _uhttp://www.taylorfrancis.com/books/9781315571744
942 _cEBOOK
999 _c1751510
_d1751510